| 000 | 00346nam a2200133Ia 4500 | ||
|---|---|---|---|
| 008 | 240624s9999 xx 000 0 und d | ||
| 041 | _aeng | ||
| 082 | _a302.35 ARN | ||
| 100 | _aARNEY EILEEN | ||
| 245 | _aLEARNING FOR ORGANIZATIONAL DEVELOPMENT | ||
| 260 |
_c2017 _aNew Delhi _bKogan Page |
||
| 300 | _aviii, 274 p.; 23 cm. | ||
| 365 |
_cBPS _b30 |
||
| 999 |
_c29939 _d29939 |
||